Cuba : caminos de Revolución : Los 4 años que estremecieron al mundo /

Αποθηκεύτηκε σε:
Λεπτομέρειες βιβλιογραφικής εγγραφής
Κύριος συγγραφέας: Galiardo, Juan Luis (producción)
Άλλοι συγγραφείς: Vives, Camilo (producción) (producción), Segura, Alberto (producción) (producción), Díaz Torres, Daniel (realización) (realización), Díaz Torres, Daniel (guión) (guión), Domínguez, Fermín (montaje) (montaje), Alejandro, Edesio (música) (música), Cisneros, Ernesto (música) (música), Acanda, Julio (narración) (narración), Herrera, Manuel (realización) (realización), Herrera, Manuel (guión) (guión), García Espinosa, Julio (guión) (guión), Simoneau, Julio (fotógrafo) (fotógrafo), Rodríguez, Nelson (montaje) (montaje), Vitier, Sergio (música) (música), Fernández Averhof, Carlos (música) (música), ICAIC. Grupo de Experimentación Sonora (música) (música), Hernández, Angel (narración) (narración), Guevara, Alfredo (dirección) (dirección), Gutiérrez Alea, Tomás (realización) (realización), Martínez, Pablo (fotógrafo) (fotógrafo), Ferrer, Mario (fotógrafo) (fotógrafo), Alvarez, Santiago (montaje) (montaje), Gutiérrez Alea, Tomás (montaje) (montaje), Batista, Julio (narración) (narración), Alvarez, Santiago (dirección) (dirección), Alvarez, Santiago (realización) (realización), Díaz Torres, Daniel (texto del folleto) (texto del folleto)
Μορφή: Διαφάνειες
Γλώσσα:Ισπανικά
Έκδοση: La Habana, Cuba : Madrid, España : La Laguna, España : Instituto Cubano del Arte e Industria Cinematográficos ; Gran Vía Musical ; Impulso Records, 1961-2004
Σειρά:(Cuba: Caminos de Revolución ; 3)
Θέματα:
Ετικέτες: Προσθήκη ετικέτας
Δεν υπάρχουν, Καταχωρήστε ετικέτα πρώτοι!

MARC

LEADER 00000ngm^a2200000^a^4500
001 000189543
005 20251020000000.0
009 20260310102418.678
037 |a Acervo ITESO - Biblioteca 
041 |a ESP 
082 |a 320. 97291064  |b GAL V. 3 
100 |a Galiardo, Juan Luis  |e (producción) 
240 1 1 |a [Cuba: caminos de Revolución] 
240 1 1 |a [Noticiero ICAIC latinoamericano: actualidades cubanas e internacionales] 
245 1 0 |a Cuba :  |b caminos de Revolución : Los 4 años que estremecieron al mundo /  |c Prod. de J.L. Galiardo, C. Vives, A. Segura ; realización de D. Díaz Torres. 
246 2 |a Título en la pantalla: Cuba: caminos de Revolución: Los cuatro años que estremecieron la isla 
246 2 |a Título en la pantalla: Noticiero ICAIC latinoamericano: actualidades cubanas e internacionales: ¡Muerte al invasor!: reportaje especial sobre la agresión imperialista al pueblo de Cuba 
264 1 |a La Habana, Cuba :  |b Instituto Cubano del Arte e Industria Cinematográficos ;  |a Madrid, España :  |b Gran Vía Musical ;  |a La Laguna, España :  |b Impulso Records,  |c 1961-2004 
264 2 |a México :  |b La Jornada [distribución],  |c fecha no identificada 
300 |a 1 DVD multirregión (55, 102, 16, 18 min.) :  |b blanco y negro +  |e 1 lámina 
336 |a imagen móvil bidimensional  |b tdi  |2 rdacontenido 
337 |a video  |b v  |2 rdamedio 
338 |a videodisco  |b vd  |2 rdasoporte 
440 1 |a (Cuba: Caminos de Revolución ;  |v 3) 
500 |a Basado en: Girón en la memoria, de Víctor Casaus 
500 |a Basado en: Amanecer en Girón, de Rafael del Pino 
649 |a XX 
650 |a Veteranos de Guerra Cubanos -  |x Memorias -  |x Adaptaciones para Cine 
650 |a Militares Cubanos -  |x Memorias -  |x Adaptaciones para Cine 
650 |a Noticieros Fílmicos 
650 |a Documentales 
650 |a Cortometrajes y Mediometrajes Cubanos 
650 |a Cine en Blanco y Negro -  |z Cuba 
650 |a Cine Cubano -  |y 1960-1969 
650 |a Cine Cubano -  |y 1970-1979 
650 |a Cine Cubano -  |y Siglo XX 
650 |a Cine Cubano -  |y 2000-2009 
650 |a Cine Cubano -  |y Siglo XXI 
650 |a Intervención Militar en Cuba -  |x Historia -  |y 1959-1990 
650 |a Intervención Militar de EUA -  |x Historia -  |y 1961-1963 
650 |a Relaciones Internacionales -  |z Cuba-EUA -  |x Historia -  |y Siglo XX 
650 |a Cuba -  |x Condiciones Políticas 
650 |a Política -  |z Cuba -  |x Historia -  |y Invasión de Bahía de Cochinos, 1961 
650 |a Política -  |z Cuba -  |x Historia -  |y 1959-1990 -  |x Tema Principal 
650 |a Política -  |z Cuba -  |x Historia -  |y 1959-2006 
650 |a Política -  |z Cuba -  |x Historia -  |y Siglo XX 
650 |a Política -  |z EUA -  |x Historia -  |y 1961-1963 
650 |a Política -  |z EUA -  |x Historia -  |y Siglo XX 
650 |a Crisis de los Misiles, 1962 
650 |a Guerra Fría -  |x Historia 
650 |a Política Internacional -  |x Historia -  |y 1960-1969 
650 |a Política Internacional -  |x Historia -  |y Siglo XX 
650 |a Pino, Rafael del 
740 4 |a Los 4 años que estremecieron al mundo /  |c Realización de D. Díaz Torres. 
740 0 |a Girón /  |c Realización de M. Herrera. 
740 0 |a Noticiero ICAIC latinoamericano :  |b actualidades cubanas e internacionales : Muerte al invasor /  |c Dir. de A. Guevara ; realización de T. Gutiérrez Alea. 
740 0 |a Noticiero ICAIC latinoamericano :  |b actualidades cubanas e internacionales /  |c Dir. y realización de S. Alvarez. 
740 4 |a "Los 4 años que estremecieron al mundo" /  |c Texto de la lámina de D. Díaz Torres. 
700 |a Vives, Camilo  |e (producción) 
700 |a Segura, Alberto  |e (producción) 
700 |a Díaz Torres, Daniel  |e (realización) 
700 |a Díaz Torres, Daniel  |e (guión) 
700 |a Domínguez, Fermín  |e (montaje) 
700 |a Alejandro, Edesio  |e (música) 
700 |a Cisneros, Ernesto  |e (música) 
700 |a Acanda, Julio  |e (narración) 
700 |a Herrera, Manuel  |e (realización) 
700 |a Herrera, Manuel  |e (guión) 
700 |a García Espinosa, Julio  |e (guión) 
700 |a Simoneau, Julio  |e (fotógrafo) 
700 |a Rodríguez, Nelson  |e (montaje) 
700 |a Vitier, Sergio  |e (música) 
700 |a Fernández Averhof, Carlos  |e (música) 
700 |a ICAIC.  |b Grupo de Experimentación Sonora  |e (música) 
700 |a Hernández, Angel  |e (narración) 
700 |a Guevara, Alfredo  |e (dirección) 
700 |a Gutiérrez Alea, Tomás  |e (realización) 
700 |a Martínez, Pablo  |e (fotógrafo) 
700 |a Ferrer, Mario  |e (fotógrafo) 
700 |a Alvarez, Santiago  |e (montaje) 
700 |a Gutiérrez Alea, Tomás  |e (montaje) 
700 |a Batista, Julio  |e (narración) 
700 |a Alvarez, Santiago  |e (dirección) 
700 |a Alvarez, Santiago  |e (realización) 
700 |a Díaz Torres, Daniel  |e (texto del folleto) 
910 |a Fondo General 
920 |a Audiovisuales - DVDs 
940 |a Películas 
905 |a 302 
901 |a 0500129157  |b IT2  |c DVS  |u 20250521 
901 |a 0500129204  |b IT2  |c MIN  |u 20251020 
902 |a https://opac.biblio.iteso.mx/vufind/Record/000189543